True evangelism: (Record no. 10561)

000 -LEADER
fixed length control field 00737nam a2200205 a 4500
001 - CONTROL NUMBER
control field :::00008350$&:&@@
003 - CONTROL NUMBER IDENTIFIER
control field OkBaRHE
005 - DATE AND TIME OF LATEST TRANSACTION
control field 20100401161402.0
008 - FIXED-LENGTH DATA ELEMENTS--GENERAL INFORMATION
fixed length control field s1971 j 000 0 eng u
040 ## - CATALOGING SOURCE
Transcribing agency
100 1# - MAIN ENTRY--PERSONAL NAME
Personal name Chafer, Lewis Sperry, 1871-1952.
245 10 - TITLE STATEMENT
Title True evangelism:
Remainder of title or, winning souls by prayer.
250 ## - EDITION STATEMENT
Edition statement Rev. ed.
260 ## - PUBLICATION, DISTRIBUTION, ETC. (IMPRINT)
Place of publication, distribution, etc Grand Rapids, MI., :
Name of publisher, distributor, etc Zondervan Publishing House
Date of publication, distribution, etc 1971
300 ## - PHYSICAL DESCRIPTION
Extent xi, 143 p. ;
Dimensions 21 cm.
650 ## - SUBJECT ADDED ENTRY--TOPICAL TERM
Topical term or geographic name as entry element Evangelistic Work
942 ## - ADDED ENTRY ELEMENTS (KOHA)
Source of classification or shelving scheme
Koha item type Books
Copies
Permanent Location Damaged status Date last seen Shelving location Date acquired Barcode Price effective from Copy number Lost status Koha item type Source of classification or shelving scheme Not for loan Withdrawn status Full call number
RHEMA Bible Training College 2010-04-14General Stacks2010-04-1483502010-04-141 Books   BV 3790 .C47 1971
RHEMA Bible Training College 2010-04-14General Stacks2010-04-14158272010-04-142 Books   BV 3790 .C47 1971